Responses for Show #8564 - Thursday, January 27, 2022

Contestants

[<< previous game]

Carrie Cadwallader, a business intelligence manager from Aurora, Colorado

Chris Canahui, a technician from Brooklyn, New York

Rhone Talsma, a librarian from Chicago, Illinois (whose 1-day cash winnings total $29,600)

[next game >>]

Jeopardy! Round responses

MOTHERS OF INVENTION
U.S. PLACE NAMES
TRANSPORTATION
ALWAYS BROADWAY
COMPOUND WORDS
A LITTLE 5-NOTE MELODY
    $200 9
a fire escape

Rhone
    $200 19
Death Valley

Rhone
    $200 7
Greyhound

Rhone
    $200 18
The Book of Mormon

Chris
    $200 21
butterfly

Chris
    $200 26
a gimlet

Rhone
    $400 15
(Carrie: Uh, what is non-permeable?)
(Rhone: What is non-stick?)

non-reflective

RhoneCarrie
Triple Stumper
    $400 20
Florida

Carrie
    $400 8
Mach 2 (twice the speed of sound)

Carrie
    $400 13
Scarlett Johansson

Rhone
    $400 22
a tablespoon

Carrie
    $400 27
(Carrie: What is a beech?)

a birch

RhoneCarrie
    $600 14
a globe

Carrie
    $600 4
Puget Sound

Chris
    $600 1
France

Chris
    $600 10
(Ken: That's the "Divine Miss M", [*].)

Bette Midler

Triple Stumper
    $600 23
(Ken: Less than a minute to go.)

a countdown

Carrie
    $600 28
(Rhone: What are crabs?)
(Ken: More specifically?)
(Rhone: Blue crabs?)

the crab claws

Rhone
Triple Stumper
    $1,000 16
(Ken: Carrie?)
(Carrie: I don't know.)

Jitterbug

Carrie
    $800 5
Yonkers

Triple Stumper
    $800 2
(Chris: What is the Muni?)

BART

RhoneChris
    $800 11
A Chorus Line

Rhone
    $800 24
a skylight

Carrie
    $800 29
[The end-of-round signal sounds.]

an ellipse

Carrie
    $1000 17
a lifeboat (a liferaft)

Carrie
    $1000 6
French Lick, Indiana

Triple Stumper
    $1000 3
(Carrie: What are...)

(the Venetian) gondolas

Carrie
Triple Stumper
    $1000 12
(Rhone: What is Glengarr--oh, darn, sorry.)

Glengarry Glen Ross

RhoneCarrie
    $1000 25
a sheepskin

Carrie

Scores at the first commercial break (after clue 15):

Rhone Chris Carrie
$1,000 $400 $600

Scores at the end of the Jeopardy! Round:

Rhone Chris Carrie
$1,200 $800 $4,200

Double Jeopardy! Round responses

FATHERS OF THE NATION
BOOKS & AUTHORS
"AA" RATED
MOVIES & GEOGRAPHY
THE W.H.O. SAYS...
THANKS VERMILION
    $400 25
(Ken: Less than a minute to go.)

Portugal

Rhone
    $400 6
(Rhone: What is Tarzan?)
...
(Ken: Yes, from The Jungle Book.)

Mowgli

RhoneCarrie
    $400 30
Afrikaans

Rhone
    $400 2
(Reese) Witherspoon

Carrie
    $400 15
migraine

Carrie
    $400 20
Louisiana

Carrie
    $800 26
Bolívar

Carrie
    $800 7
Gilbert Grape

Rhone
    $800 10
a bazaar

Rhone
    $2,000 3
Casablanca

Carrie
    $800 16
asthma

Chris
    $800 21
Arizona

Rhone
    $1200 27
Singapore

Chris
    $1200 12
Pearl S. Buck

Triple Stumper
    $1200 8
Maalox

Rhone
    $1200 4
(Carrie: What is Stanley and Livingstone?)
...
(Ken: Sorry, Carrie, we were looking for the doctor, [*].)

David Livingstone

Carrie
Triple Stumper
    $1200 17
hypertension

Chris
    $1200 22
(Carrie: What is caste?)

it means she's married

Carrie
Triple Stumper
    $1600 28
Georgia

Chris
    $1600 13
an Antiracist

Carrie
    $1600 9
Baal

Chris
    $1600 1
Snowy River

Carrie
    $1600 18
botulism

Carrie
    $1600 23
the vermilion cardinal

Triple Stumper
    $2000 29
Ghana

Rhone
    $2,000 14
(Carrie: What is The Book Club?)

The Jane Austen Book Club

Carrie
    $2000 11
saag

Rhone
    $2000 5
Gérard Depardieu

Carrie
    $2000 19
Ebola

Carrie
    $2000 24
mercury

Chris

Scores at the end of the Double Jeopardy! Round:

Rhone Chris Carrie
$9,200 $9,200 $13,000

[wagering suggestions for these scores]

Final Jeopardy! Round responses

18th CENTURY NAMES
[Rhone's response was revealed first.]
(Ken: You had to think about art--[*] was the painter who painted all those famous portraits of Washington, including the one on the dollar bill.)
RhoneWho is Guinness?
$9,200
ChrisWho is ???
$9,199
CarrieWho is Madison
$5,500
Gilbert Stuart

Final scores:

Rhone Chris Carrie
$0 $1 $7,500
3rd place: $1,000 2nd place: $2,000 New champion: $7,500

Game dynamics:

Coryat scores:

Rhone Chris Carrie
$9,200 $9,200 $14,800
16 R,
4 W
10 R,
1 W
21 R
(including 1 DD),
7 W
(including 2 DDs)

Combined Coryat: $33,200

[game clues] [game scores] [suggest correction]

Game tape date: 2021-11-09
The J! Archive is created by fans, for fans. Scraping, republication, monetization, and malicious use prohibited; this site may use cookies and collect identifying information. See terms. The Jeopardy! game show and all elements thereof, including but not limited to copyright and trademark thereto, are the property of Jeopardy Productions, Inc. and are protected under law. This website is not affiliated with, sponsored by, or operated by Jeopardy Productions, Inc. Join the discussion at JBoard.tv.